Symfonické variace, op. 78 partitura : kritické vydání podle skladatelova rukopisu /

Uložené v:
Podrobná bibliografia
Hlavný autor: Dvořák, Antonín, 1841-1904 (Composer)
Médium: Hudobnina
Jazyk:Czech
Vydané: Praha : Státní nakladatelství krásné literatury, hudby a umění, 1957.
Vydanie:1. vyd.
Edícia:Souborné vydání děl Antonína Dvořáka
Fyzický popis: 118 s.
Tagy: Pridať tag
Žiadne tagy, Buďte prvý kto otaguje tento záznam!

MARC

LEADER 00000ncm a22000002a 4500
001 000426621
005 20130709184249.0
008 120427s1957 xr e cze d
024 2 |a (brož.)  |c Kčs 19,00 
040 |a SVKKK  |b slo  |c SVKKK  |e AACR2 
041 0 |a cze 
044 |a xr  |c CZ 
100 1 |a Dvořák, Antonín,  |d 1841-1904  |4 cmp 
245 1 0 |a Symfonické variace, op. 78  |h [hudobnina] :  |b partitura : kritické vydání podle skladatelova rukopisu /  |c Antonín Dvořák. 
250 |a 1. vyd. 
260 |a Praha :  |b Státní nakladatelství krásné literatury, hudby a umění,  |c 1957. 
300 |a 118 s. 
490 1 |a Souborné vydání děl Antonína Dvořáka 
910 |a svkkk 
998 |a MU 
090 |g SCKHL  |k Sklad Pribinova prízemie  |a I.10577  |j 140950  |i 2720378852  |s Prezenčne